| 000 | 00494nam a2200205 i 4500 | ||
|---|---|---|---|
| 001 | bg | ||
| 100 | 1 | _aHENDERSON, Kenneth W. | |
| 245 | 1 | 0 | _aThe guru's guide to Transact-SQL. |
| 260 |
_aReading : _bAddison-Wesley, _c2000. |
||
| 300 |
_aXX, 551 s. ; _c24 cm + _eCD-ROM. |
||
| 504 | _aIndeks. | ||
| 650 | 9 | _aSQL | |
| 020 | _a0201615762 | ||
| 040 | _cBPK | ||
| 041 | 0 | _aen | |
| 080 | _a004.438SQL | ||
| 920 | _a0-201-61576-2 | ||
| 942 | _cKS | ||
| 008 | s pl f |000 0 pol | ||
| 999 |
_c37607 _d37607 |
||